000
00249nam a2200097Ia 4500
008
230915s9999 xx 000 0 und d
050
_a
Z 678 .T 86 1979
100
_a
Tunley,Malcolm
245
0
_a
Library Structures and Staffing Systems
942
_c
BK
999
_c
206693
_d
206693